| 000 | 00590cam a2200181 a 4500 | ||
|---|---|---|---|
| 001 | 000005156 | ||
| 005 | 20200929151608.0 | ||
| 008 | 920707s1970 pr 001 p spa | ||
| 040 |
_aDO-SdBNP _bspa _cBNPHU |
||
| 082 |
_aPR861.44 _bF825e, 1970 |
||
| 100 | 1 |
_aFranco Oppenheimer, Félix, _d1912-2004 _914265 |
|
| 245 | 1 | 0 |
_aEstas cosas así fueron : _bpoemas / _cFélix Franco Oppenheimer. |
| 250 | _a2. ed. | ||
| 260 |
_aSan Juan, Puerto Rico : _bClub de la Prensa, _c1970. |
||
| 300 |
_a94 p. ; _c20 cm. |
||
| 650 | 4 |
_aPoesía puertorriqueña _91015 |
|
| 650 | 4 |
_aLiteratura puertorriqueña _9250 |
|
| 999 |
_c4959 _d4959 |
||